| 000 | 00623nam a2200217Ia 4500 | ||
|---|---|---|---|
| 003 | OSt | ||
| 005 | 20250811191312.0 | ||
| 008 | 210423s2003 xx 000 0 und d | ||
| 040 | _cAL | ||
| 041 | _aEnglish | ||
| 082 |
_a320.5 _bTAND |
||
| 100 |
_aRajesh Tandon _9121763 |
||
| 245 |
_aDoes civil society matters? _b: governance in contemporary India |
||
| 260 |
_aNew Delhi _bSage Publications _c2003 |
||
| 365 |
_b450 _cINR |
||
| 650 |
_aPolitical Ideologies _9121764 |
||
| 650 |
_aPolitical Science _9121765 |
||
| 700 |
_aMohanty, Ranjita _9235039 |
||
| 906 | _acivil ; Does ; matters? ; society | ||
| 942 |
_2ddc _cBK |
||
| 999 |
_c175103 _d175103 |
||